|
|
|
|
| LEADER |
01068nam a2200301 a 4500 |
| 001 |
19379 |
| 003 |
BD-DhAAL |
| 005 |
20140514110726.0 |
| 008 |
140514s1997 ii 001 0 eng d |
| 010 |
|
|
|a 98128323
|z 98902943
|
| 020 |
|
|
|a 0195658477
|
| 020 |
|
|
|a 9780195658477
|
| 020 |
|
|
|a 0195640772
|
| 040 |
|
|
|a ScU
|c ScU
|d DLC
|d BD-DhAAL
|
| 041 |
|
|
|a eng
|
| 082 |
0 |
0 |
|a 821
|2 21
|
| 999 |
|
|
|c 4664
|d 4664
|
| 999 |
|
|
|c 4664
|
| 245 |
0 |
0 |
|a Nine Indian women poets :
|b an anthology /
|c edited by Eunice de Souza.
|
| 260 |
|
|
|a Delhi :
|b Oxford University Press,
|c c1997.
|
| 300 |
|
|
|a ix, 95 p. ;
|c 22 cm.
|
| 504 |
|
|
|a Includes index.
|
| 541 |
1 |
|
|e 00019379
|
| 650 |
|
0 |
|a Indic poetry (English)
|x Women authors.
|9 4526
|
| 700 |
1 |
|
|a De Souza, Eunice.
|9 4527
|
| 852 |
4 |
|
|a Ayesha Abed Library
|j General shelf
|
| 942 |
|
|
|2 ddc
|c BK
|
| 952 |
|
|
|0 0
|1 0
|2 ddc
|4 0
|6 821_000000000000000_NIN
|7 0
|9 4452
|a BRACUL
|b BRACUL
|c GEN
|d 2009-10-13
|e High Commisiion of India
|l 1
|o 821 NIN
|p 3010019379
|r 2014-05-14
|s 2013-02-18
|t 1
|w 2009-10-18
|y BK
|x Transferred from ENH to Ayesha Abed library on 20/12/2023
|